Henry Wadsworth Longfellow - A Psalm of Life - Statistics

General Stats
  • This quiz has been taken 6 times
  • The average score is 133 of 211
Answer Stats
Answer % Correct
a
100%
A
100%
an
100%
And
100%
and
100%
And,
100%
are
100%
Be
100%
be
100%
For
100%
for
100%
God
100%
Heart
100%
heart
100%
in
100%
In
100%
is
100%
Is
100%
Let
100%
Life
100%
Life,
100%
me
100%
men
100%
o'er
100%
of
100%
on
100%
that
100%
the
100%
to
100%
up
100%
Was
100%
We
100%
what
100%
again.
67%
all
67%
beating
67%
but
67%
But
67%
can
67%
dead
67%
dead!
67%
dream!
67%
end
67%
fleeting,
67%
grave
67%
grave.
67%
living
67%
make
67%
no
67%
our
67%
seem.
67%
sorrow,
67%
soul
67%
soul.
67%
take
67%
Tell
67%
than
67%
then,
67%
they
67%
Time
67%
time;
67%
us
67%
us,
67%
achieving,
33%
act,
33%
Act, -
33%
act
33%
another,
33%
any
33%
art,
33%
Art
33%
battle,
33%
behind
33%
bivouac
33%
brave,
33%
broad
33%
brother,
33%
bury
33%
cattle!
33%
departing,
33%
destined
33%
doing,
33%
driven
33%
drums,
33%
dumb,
33%
Dust
33%
dust
33%
each
33%
earnest!
33%
empty
33%
enjoyment,
33%
farther
33%
fate;
33%
field
33%
Find
33%
Footprints
33%
Footprints,
33%
forlorn
33%
Funeral
33%
future,
33%
goal;
33%
great
33%
hearts,
33%
hero
33%
howe'er
33%
its
33%
labor,
33%
Learn
33%
leave
33%
life's
33%
like
33%
Lives
33%
lives
33%
long,
33%
main,
33%
marches
33%
mournful
33%
muffled
33%
not,
33%
not
33%
Not
33%
numbers,
33%
o'erhead!
33%
or
33%
Past
33%
perhaps
33%
pleasant!
33%
Present!
33%
pursuing,
33%
real!
33%
remind
33%
returnest,
33%
Sailing
33%
sands
33%
Seeing,
33%
shall
33%
shipwrecked
33%
slumbers,
33%
solemn
33%
spoken
33%
Still,
33%
Still
33%
still
33%
stout
33%
strife!
33%
sublime,
33%
things
33%
thou
33%
though
33%
to-day.
33%
to-morrow
33%
Trust
33%
wait.
33%
way;
33%
With
33%
within,
33%
world's
33%
No matching quizzes found
Score Distribution
Percent of People with Each Score
Percentile by Number Answered
Your Score History
You have not taken this quiz